Engineering Mechanics Statics & Dynamics: (Record no. 594911)

000 -LEADER
fixed length control field 00425nam a22001457a 4500
020 ## - INTERNATIONAL STANDARD BOOK NUMBER
International Standard Book Number 9788131726990
040 ## - CATALOGING SOURCE
Transcribing agency NUST
082 ## - DEWEY DECIMAL CLASSIFICATION NUMBER
Classification number 620.1 HIB
100 ## - MAIN ENTRY--PERSONAL NAME
Personal name Hibbeler, R.C.
245 ## - TITLE STATEMENT
Title Engineering Mechanics Statics & Dynamics:
Remainder of title In SI Units
250 ## - EDITION STATEMENT
Edition statement 11th Edition
260 ## - PUBLICATION, DISTRIBUTION, ETC.
Place of publication, distribution, etc. New Dehli:
Name of publisher, distributor, etc. Pearson Education,
Date of publication, distribution, etc. 2013.
650 ## - SUBJECT ADDED ENTRY--TOPICAL TERM
Topical term or geographic name entry element TEXTBOOK DEE. ENGINEERING MECHANICS STATICS & DYNAMICS
9 (RLIN) 113013
942 ## - ADDED ENTRY ELEMENTS (KOHA)
Source of classification or shelving scheme
Koha item type Text Books
Holdings
Withdrawn status Lost status Source of classification or shelving scheme Damaged status Not for loan Permanent Location Current Location Shelving location Date acquired Full call number Barcode Date last seen Price effective from Koha item type
          College of Electrical & Mechanical Engineering (CEME) College of Electrical & Mechanical Engineering (CEME) Text Books 06/05/2023 620.1 HIB CEME-48182 06/05/2023 06/05/2023 Reference
          College of Electrical & Mechanical Engineering (CEME) College of Electrical & Mechanical Engineering (CEME) Text Books 06/05/2023 620.1 HIB CEME-48183 06/05/2023 06/05/2023 Reference
          College of Electrical & Mechanical Engineering (CEME) College of Electrical & Mechanical Engineering (CEME) Text Books 06/05/2023 620.1 HIB CEME-48184 06/05/2023 06/05/2023 Reference
          College of Electrical & Mechanical Engineering (CEME) College of Electrical & Mechanical Engineering (CEME) Text Books 06/05/2023 620.1 HIB CEME-48185 06/05/2023 06/05/2023 Reference
© 2023 Central Library, National University of Sciences and Technology. All Rights Reserved.